| 000 | 00410pab a2200169 454500 | ||
|---|---|---|---|
| 008 | 180718b2008 xxu||||| |||| 00| 0 eng d | ||
| 100 | _aPathan S.N. | ||
| 245 | _aMaking higher education more meaningful and useful | ||
| 260 | _c2008 | ||
| 300 | _ap.1-3,23. | ||
| 362 | _a18 Aug | ||
| 650 | _aHigher education | ||
| 700 | _aSomani, Sohanlal | ||
| 773 | _aUniversity News | ||
| 908 | _aN | ||
| 909 | _a79211 | ||
| 999 |
_c79211 _d79211 |
||